000 00312nam a2200121Ia 4500
008 240731s9999 xx 000 0 und d
022 _a2324-2027
245 0 _aMetalloproteinases in Medicine
260 _bDove Medical Press
856 _uhttps://www.tandfonline.com/loi/dmnm20
942 _2ddc
942 _cTFEJ
999 _c78557
_d78557
945 _a1
_bMadushi Gamage
_c1
_dMadushi Gamage